000 00660nam a2200217Ia 4500
003 GCL
005 20240530102313.0
008 140319s9999 xx 000 0 ara d
040 _aGCL /
_cGCL
082 0 4 _a531.68
_bع م
100 1 _aعاهد على الخطيب
245 1 0 _aمبادئ تحويل الطاقة /
_cعاهد على الخطيب
260 _aالقاهرة :
_bدار الشروق ،
_c1989
300 _a304 ص ؛
_c24 سم
650 0 4 _aالطاقة الكهربائية
650 0 4 _aالطاقة
650 0 4 _aالطاقة النووية
650 0 4 _aتحويل
650 0 4 _aالطاقة الحرارية
942 _2ddc
_cBK
999 _c31293
_d31293